Top 50 Football Transfer Records - Statistics

General Stats
  • This quiz has been taken 124 times
    6 since last reset
  • The average score is 48 of 50
Answer Stats
Rank Name Joined Left Season Fee % Correct
4 Alexander Isak Liverpool FC Newcastle United 25/26 €145.00m
100%
11 Antoine Griezmann FC Barcelona Atlético de Madrid 19/20 €120.00m
100%
23 Antony Manchester United Ajax Amsterdam 22/23 €95.00m
100%
39 Arthur Melo Juventus FC FC Barcelona 20/21 €80.60m
100%
41 Aurélien Tchouaméni Real Madrid AS Monaco 22/23 €80.00m
100%
13 Cristiano Ronaldo Juventus FC Real Madrid 18/19 €117.00m
100%
24 Cristiano Ronaldo Real Madrid Manchester United 09/10 €94.00m
100%
33 Darwin Núñez Liverpool FC SL Benfica 22/23 €85.00m
100%
14 Declan Rice Arsenal FC West Ham United 23/24 €116.60m
100%
10 Eden Hazard Real Madrid Chelsea FC 19/20 €120.80m
100%
9 Enzo Fernández Chelsea FC SL Benfica 22/23 €121.00m
100%
8 Florian Wirtz Liverpool FC Bayer 04 Leverkusen 25/26 €125.00m
100%
30 Frenkie de Jong FC Barcelona Ajax Amsterdam 19/20 €86.00m
100%
18 Gareth Bale Real Madrid Tottenham Hotspur 13/14 €101.00m
100%
27 Gonzalo Higuaín Juventus FC SSC Napoli 16/17 €90.00m
100%
21 Harry Kane Bayern Munich Tottenham Hotspur 23/24 €95.00m
100%
29 Harry Maguire Manchester United Leicester City 19/20 €87.00m
100%
12 Jack Grealish Manchester City Aston Villa 21/22 €117.50m
100%
34 Jadon Sancho Manchester United Borussia Dortmund 21/22 €85.00m
100%
48 Jhon Durán Al-Nassr FC Aston Villa 24/25 €77.00m
100%
6 João Félix Atlético de Madrid SL Benfica 19/20 €127.20m
100%
25 Josko Gvardiol Manchester City RB Leipzig 23/24 €90.00m
100%
7 Jude Bellingham Real Madrid Borussia Dortmund 23/24 €127.00m
100%
19 Kai Havertz Chelsea FC Bayer 04 Leverkusen 20/21 €100.00m
100%
44 Kepa Arrizabalaga Chelsea FC Athletic Bilbao 18/19 €80.00m
100%
2 Kylian Mbappé Paris Saint-Germain AS Monaco 18/19 €180.00m
100%
38 Luis Suárez FC Barcelona Liverpool FC 14/15 €81.72m
100%
31 Matthijs de Ligt Juventus FC Ajax Amsterdam 19/20 €85.50m
100%
15 Moisés Caicedo Chelsea FC Brighton & Hove Albion 23/24 €116.00m
100%
1 Neymar Paris Saint-Germain FC Barcelona 17/18 €222.00m
100%
26 Neymar Al-Hilal SFC Paris Saint-Germain 23/24 €90.00m
100%
28 Neymar FC Barcelona Santos FC 13/14 €88.00m
100%
32 Nick Woltemade Newcastle United VfB Stuttgart 25/26 €85.00m
100%
43 Nicolas Pépé Arsenal FC LOSC Lille 19/20 €80.00m
100%
3 Ousmane Dembélé FC Barcelona Borussia Dortmund 17/18 €148.00m
100%
17 Paul Pogba Manchester United Juventus FC 16/17 €105.00m
100%
5 Philippe Coutinho FC Barcelona Liverpool FC 17/18 €135.00m
100%
22 Randal Kolo Muani Paris Saint-Germain Eintracht Frankfurt 23/24 €95.00m
100%
16 Romelu Lukaku Chelsea FC Inter Milan 21/22 €113.00m
100%
35 Romelu Lukaku Manchester United Everton FC 17/18 €84.70m
100%
45 Victor Osimhen SSC Napoli LOSC Lille 20/21 €78.90m
100%
36 Virgil van Dijk Liverpool FC Southampton FC 17/18 €84.65m
100%
47 Zinédine Zidane Real Madrid Juventus FC 01/02 €77.50m
100%
37 Dušan Vlahović Juventus FC ACF Fiorentina 21/22 €83.50m
80%
20 Hugo Ekitiké Liverpool FC Eintracht Frankfurt 25/26 €95.00m
80%
50 Kevie De Bruyne Manchester City VfL Wolfsburg 15/16 €76.00m
80%
42 Lucas Hernández Bayern Munich Atlético de Madrid 19/20 €80.00m
80%
40 Wesley Fofana Chelsea FC Leicester City 22/23 €80.40m
80%
49 Benjamin Sesko Manchester United RB Leipzig 25/26 €76.50m
60%
46 Rasmus Højlund Manchester United Atalanta BC 23/24 €77.80m
60%
No matching quizzes found
Score Distribution
Percent of People with Each Score
Percentile by Number Answered
Your Score History
You have not taken this quiz since the last reset